Top 64 Dart Players - 2021 Quiz - Statistics

General Stats
  • This quiz has been taken 28 times
  • The average score is 27 of 64
Answer Stats
Answer % Correct
3 Michael van Gerwen
100%
9 Michael Smith
93%
2 Peter Wright
93%
1 Gerwyn Price
87%
62 Jeff Smith
87%
38 Ross Smith
87%
5 Dimitri van den Bergh
80%
6 Gary Anderson
80%
31 Adrian Lewis
73%
4 James Wade
73%
8 Jose de Sousa
73%
10 Nathan Aspinall
73%
14 Jonny Clayton
67%
12 Rob Cross
67%
20 Simon Whitlock
67%
18 Stephen Bunting
67%
7 Dave Chisnall
60%
17 Daryl Gurney
53%
21 Dirk van Duijvenbode
53%
15 Glen Durrant
53%
11 Krzystof Ratajski
53%
22 Mensur Suljovic
53%
39 Darius Labanauskas
47%
26 Devan Petersen
47%
25 Gabriel Clemens
47%
16 Ian White
47%
13 Joe Cullen
47%
36 Kim Huybrechts
47%
27 Luke Humphries
47%
28 Brendan Dolan
40%
24 Chris Dobey
40%
23 Danny Noppert
40%
30 Jermaine Wattimena
40%
44 John Henderson
40%
53 Madars Razma
40%
34 Ryan Searle
40%
46 Callan Rydz
33%
41 Damon Heta
33%
32 Jeffrey de Zwaan
33%
45 Max Hopp
33%
19 Mervyn King
33%
33 Ricky Evans
33%
40 Steve Beaton
33%
29 Vincent van der Voort
33%
59 Jelle Klaasen
27%
50 Ron Meulenkamp
27%
37 William O'Connor
27%
35 Jamie Hughes
20%
60 Mark Kuivenhoven
20%
58 Martijn Kleermaker
20%
49 Steve Lennon
20%
55 Adam Hunt
13%
51 Andy Boulton
13%
52 Darren Webster
13%
56 Justin Pipe
13%
42 Ryan Joyce
13%
47 Steve West
13%
54 Jason Lowe
7%
48 Luke Woodhouse
7%
61 Matthew Edgar
7%
57 Mickey Mansell
7%
64 Josh Payne
0%
43 Keegan Brown
0%
63 Scott Waites
0%
No matching quizzes found
Score Distribution
Percent of People with Each Score
Percentile by Number Answered
Your Score History
You have not taken this quiz